00943 2200337 4500001002100000005001500021007000300036008004100039020002200080035002000102040001700122041000800139082001100147084001700158090002200175100002900197245006200226250001000288264003700298300003300335336002100368337003000389338002300419500003500442504002300477650001100500700003600511850001000547990002400557990002400581INLIS00000000000887820260513024516ta260513 0  a978-602-97501-3-3 a0010-1022000253 aSBPUPADbInd07aind a551.45 a551.45 ELL m a551.45 ELL m 16-50 aEllen TjandraePengarang1 aMengenal Laut Lepas /cEllen Tjandra;Editor,Diah Rahmatia aCet.1 aJawa Barat :bPakar Media,c2011 aiv,60 Hlm :billus. ;c25 cm 2rdacontentateks 2rdamediaatanpa perantara 2rdacarrieravolume aIndeks,Hlm 56,glosarium,Hlm 58 aBibliografi,Hlm 59 4aLautan0 aEditor,Diah RahmatiaePengarang aPUPAD a649/S/KAPD/PDG/2012 a650/S/KAPD/PDG/2012